Stretnutie v Ruskom dome - «Naši juviljary»

Bibliographic Details
Main Author: Oleárová, Eva, 1945- (Author)
Format: Article
Language:Ukrainian
PhysicalDescription:Fotogr.
Subjects:
Online Access:www.rusini-ukrajinci.tym.sk

MARC

LEADER 00000nab a2200000 a 4500
001 vtls010324814
003 SK-MaSNL
005 20260318114328.0
008 111118c2011 xo wr p 000 c0ukr
015 |a SNBRB2011/11 
038 |a SVKPOCL 
040 |a SVKPOCL  |b slo  |c SVKPOCL  |e AACR2 
041 0 |a ukr 
044 |a xo  |c SK 
080 |a 821.161.2(437.6)-051 2001  |2 1981 
080 |a 394.46  |2 2001 
080 |a 929 Maťašovská, Justína  |2 2001 
080 |a 929 Kruško, Štefan  |2 2001 
100 1 |a Oleárová, Eva,  |d 1945-  |4 aut  |9 112050 
245 1 0 |a Stretnutie v Ruskom dome - «Naši juviljary»  |c Jeva Olear 
300 |b Fotogr. 
600 1 7 |a Maťašovská, Justína,  |d 1931-  |2 svkpocl  |9 106700 
600 1 7 |a Kruško, Štefan,  |d 1941-  |2 svkpocl  |9 48856 
610 2 7 |a Ruský dom (Prešov, Slovensko)  |2 svkpocl  |9 844840 
648 7 |a 2011  |2 svkpocl  |9 328311 
650 0 7 |a ukrajinskí spisovatelia  |2 svkpocl  |9 66678 
651 7 |a Prešov (Slovensko)  |2 svkpocl  |9 17347 
773 0 |t Nove žyttja  |g Roč. 61, č. 15-16 (2011), s. 2 
852 |a SVKPO  |b KIS3GCP 
856 4 1 |u www.rusini-ukrajinci.tym.sk 
958 |a UK 
958 |a SK 
958 |a BX 
999 |c 3362035  |d 3363965